Impacts of Sentencing Reforms on Prisons and Crime Rates

Saved in:  
Bibliographic Details
Authors: Marvell, Thomas B. (Author) ; Moody, Carlisle E. (Author)
Format: Electronic Article
Language:English
Published: American Society of Criminology 1990
In:Enthalten in: Meeting of the American Society of Criminology
Online Access: Volltext (lizenzpflichtig)
Volltext (lizenzpflichtig)
Check availability: HBZ Gateway
Keywords:

MARC

LEADER 00000caa a22000002c 4500
001 1912585685
003 DE-627
005 20250127054952.0
007 cr uuu---uuuuu
008 241217s1990 xx |||||o 00| ||eng c
035 |a (DE-627)1912585685 
035 |a (DE-599)KXP1912585685 
040 |a DE-627  |b ger  |c DE-627  |e rda 
041 |a eng 
084 |a 2,1  |2 ssgn 
100 1 |a Marvell, Thomas B.  |e VerfasserIn  |4 aut 
245 1 0 |a Impacts of Sentencing Reforms on Prisons and Crime Rates 
264 1 |b American Society of Criminology  |c 1990 
336 |a Text  |b txt  |2 rdacontent 
337 |a Computermedien  |b c  |2 rdamedia 
338 |a Online-Ressource  |b cr  |2 rdacarrier 
655 4 |a Konferenzschrift ; 1990 ; Baltimore, MD 
700 1 |a Moody, Carlisle E.  |e VerfasserIn  |4 aut 
773 0 8 |i Enthalten in  |t Meeting of the American Society of Criminology 
787 0 8 |i Forschungsdaten  |a Marvell, Thomas B.  |t Impact of Sentencing Reforms and Speedy Trial Laws in the United States, 1969-1989  |d [Erscheinungsort nicht ermittelbar] : [Verlag nicht ermittelbar], 1992  |w (DE-627)1840068205 
856 4 0 |u https://www.ncjrs.gov/App/Publications/abstract.aspx?ID=139459  |x Verlag  |z lizenzpflichtig  |3 Volltext  |7 1 
856 4 0 |u https://www.ncjrs.gov/pdffiles1/Digitization/139459NCJRS.pdf  |q application/pdf  |x Verlag  |z lizenzpflichtig  |3 Volltext  |7 1 
935 |a mkri 
951 |a AR 
ELC |a 1 
LOK |0 000 xxxxxcx a22 zn 4500 
LOK |0 001 4637551188 
LOK |0 003 DE-627 
LOK |0 004 1912585685 
LOK |0 005 20241217044556 
LOK |0 008 241217||||||||||||||||ger||||||| 
LOK |0 035   |a (DE-2619)ICPSR20386 
LOK |0 040   |a DE-2619  |c DE-627  |d DE-2619 
LOK |0 092   |o n 
LOK |0 852   |a DE-2619 
LOK |0 852 1  |9 00 
LOK |0 935   |a uvkn  |a nacp 
LOK |0 939   |a 17-12-24  |b l01 
ORI |a SA-MARC-krimdoka001.raw